<The> Privatization of the commercial banks in Slovakia, the situation after privatization and the tendencies in the development of banking

Na minha lista:
Detalhes bibliográficos
Autor principal: Tkáčová, Daniela, 1954-
Formato: Capítulo de Livro
Idioma:inglês
Tags: Adicionar Tag
Sem tags, seja o primeiro a adicionar uma tag!

MARC

LEADER 00000naa$a2200000$$$4500
001 0062711
005 20240502083151.0
041 0 |a eng 
044 |a PL 
245 1 0 |a <The> Privatization of the commercial banks in Slovakia, the situation after privatization and the tendencies in the development of banking  |c Dana Tkáčová 
100 1 |a Tkáčová, Daniela, 1954-